Normal view
MARC view
Entry Personal Name
001 - CONTROL NUMBER
- control field: 44861
003 - CONTROL NUMBER IDENTIFIER
- control field: BI-BuBU
005 - DATE AND TIME OF LATEST TRANSACTION
- control field: 20111031162728.0
008 - FIXED-LENGTH DATA ELEMENTS
- fixed length control field: 111031|||a|||||| | ||| d
040 ## - CATALOGING SOURCE
- Original cataloging agency: BI-BuBU
- Transcribing agency: BI-BuBU
100 ## - HEADING--PERSONAL NAME
- Personal name: Crawford, Jared
670 ## - SOURCE DATA FOUND
- Source citation: Work cat.: (BI-BuBU)2040: aut Stone, Ralph 44860, Quel est votre rôle ?
670 ## - SOURCE DATA FOUND
- Source citation: Work cat.: (BI-BuBU)2040: aut Stone, Ralph 44860, Quel est votre rôle ?